Compensation and restitution in investor-state arbitration : (Record no. 10372)
[ view plain ]
| 000 -LEADER | |
|---|---|
| fixed length control field | 00770cam a22002292 4500 |
| 001 - CONTROL NUMBER | |
| control field | 0000024612 |
| 005 - DATE AND TIME OF LATEST TRANSACTION | |
| control field | 20151217152305.0 |
| 008 - FIXED-LENGTH DATA ELEMENTS--GENERAL INFORMATION | |
| fixed length control field | 140114s xx 000 0 eng d |
| 020 ## - INTERNATIONAL STANDARD BOOK NUMBER | |
| International Standard Book Number | 0199601189 : |
| 040 ## - CATALOGING SOURCE | |
| Original cataloging agency | KABU |
| Transcribing agency | KABU |
| 100 1# - MAIN ENTRY--PERSONAL NAME | |
| Personal name | Sabahi, Borzu. |
| -- | 0000184991 |
| 245 10 - TITLE STATEMENT | |
| Title | Compensation and restitution in investor-state arbitration : |
| Remainder of title | principles and practice / |
| Statement of responsibility, etc. | Borzu Sabahi. |
| 250 ## - EDITION STATEMENT | |
| Edition statement | 1st ed. |
| 260 ## - PUBLICATION, DISTRIBUTION, ETC. (IMPRINT) | |
| Place of publication, distribution, etc. | Oxford : |
| Name of publisher, distributor, etc. | O. U. P., |
| Date of publication, distribution, etc. | 2011. |
| 300 ## - PHYSICAL DESCRIPTION | |
| Extent | xxiii, 256 p. |
| 650 #0 - SUBJECT ADDED ENTRY--TOPICAL TERM | |
| Topical term or geographic name as entry element | Investments, foreign (International law) |
| -- | 0000184992 |
| 650 #0 - SUBJECT ADDED ENTRY--TOPICAL TERM | |
| Topical term or geographic name as entry element | Compensation (law) |
| -- | 0000184993 |
| 650 #0 - SUBJECT ADDED ENTRY--TOPICAL TERM | |
| Topical term or geographic name as entry element | Arbitration and award, International. |
| -- | 0000158689 |
| 852 1# - LOCATION | |
| -- | p9990 KES |
| 908 ## - PUT COMMAND PARAMETER (RLIN) | |
| Put command parameter | 140114 |
| 950 ## - LOCAL HOLDINGS (RLIN) | |
| -- | 1 |
| Withdrawn status | Lost status | Source of classification or shelving scheme | Not for loan | Home library | Current library | Date acquired | Total Checkouts | Full call number | Barcode | Date last seen | Price effective from | Koha item type |
|---|---|---|---|---|---|---|---|---|---|---|---|---|
| Library of Congress Classification | Kabarak, Main Campus | Kabarak, Main Campus | 17/12/2015 | K3830 .S23 2011 c. 1 | 016366 | 17/12/2015 | 17/12/2015 | General Collection |